[Event "Omladinci CS 2017"]
[Site "Kraljevo"]
[Date "2017.02.10"]
[Round "1.2"]
[White "Karaklic, Vojislav"]
[Black "Ivic, Matija"]
[Result "0-1"]
[BlackElo "2271"]
[WhiteElo "1685"]
[LiveChessVersion "1.4.7"]

1. d4 Nf6 2. c4 c5 3. e3 g6 4. Nf3 Bg7 5. Nc3 O-O 6. Be2 cxd4 7. exd4 d5 8. c5 b6
9. cxb6 Qxb6 10. Na4 Qd6 11. O-O Nc6 12. Be3 Ng4 13. Nc5 Rb8 14. Qd2 Nxe3 15.
fxe3 e5 16. Nb3 e4 17. Ne1 Bh6 18. g3 Bh3 19. Rf2 Ne7 20. Nc2 Rfc8 21. Kh1 Nf5
22. Bf1 Bg4 23. Qe1 Bg5 24. Bg2 Qf8 25. Rd2 Qh6 26. Rf2 Nxg3+ 27. Kg1 Nf5 28. Qa5
Bh4 29. Rf4 Rxc2 30. Rxg4 Nxe3 31. Qxa7 Rd8 0-1

[Event "Omladinci CS 2017"]
[Site "Kraljevo"]
[Date "2017.02.10"]
[Round "1.3"]
[White "Radovic, Luka"]
[Black "Krstic, Milos D"]
[Result "1-0"]
[BlackElo "1625"]
[WhiteElo "2254"]
[LiveChessVersion "1.4.7"]

1. Nf3 {[%clk 1:15:45]} Nf6 {[%clk 1:15:53]} 2. c4 {[%clk 1:16:07]} g6
{[%clk 1:15:34]} 3. g3 {[%clk 1:16:01]} Bg7 {[%clk 1:15:43]} 4. Bg2
{[%clk 1:16:21]} O-O {[%clk 1:15:15]} 5. O-O {[%clk 1:16:44]} c6 {[%clk 1:15:38]}
6. d4 {[%clk 1:14:55]} d5 {[%clk 1:15:40]} 7. cxd5 {[%clk 1:14:57]} cxd5
{[%clk 1:15:56]} 8. Nc3 {[%clk 1:15:16]} Nc6 {[%clk 0:54:12]} 9. Ne5
{[%clk 1:15:04]} e6 {[%clk 0:50:58]} 10. Bf4 {[%clk 1:13:25]} Nd7
{[%clk 0:47:17]} 11. Nf3 {[%clk 1:10:25]} a6 {[%clk 0:42:44]} 12. Rc1
{[%clk 1:08:19]} Nf6 {[%clk 0:40:16]} 13. Ne5 {[%clk 1:07:25]} Nxe5
{[%clk 0:40:26]} 14. Bxe5 {[%clk 1:07:21]} Ne8 {[%clk 0:36:29]} 15. e4
{[%clk 1:03:37]} Bxe5 {[%clk 0:33:05]} 16. dxe5 {[%clk 1:02:25]} d4
{[%clk 0:32:35]} 17. Qd3 {[%clk 0:55:31]} Bd7 {[%clk 0:28:45]} 18. Qxd4
{[%clk 0:55:39]} Bc6 {[%clk 0:29:07]} 19. Rfd1 {[%clk 0:54:35]} Qxd4
{[%clk 0:27:17]} 20. Rxd4 {[%clk 0:54:53]} Nc7 {[%clk 0:26:47]} 21. Rcd1
{[%clk 0:50:21]} Rfc8 {[%clk 0:24:59]} 22. Bf1 {[%clk 0:49:11]} Nb5
{[%clk 0:18:30]} 23. Bxb5 {[%clk 0:46:21]} Bxb5 {[%clk 0:18:48]} 24. f4
{[%clk 0:45:27]} Bc6 {[%clk 0:13:16]} 25. Kf2 {[%clk 0:45:26]} Re8
{[%clk 0:11:55]} 26. Ke3 {[%clk 0:45:09]} Kg7 {[%clk 0:10:48]} 27. Rd6
{[%clk 0:44:04]} Rac8 {[%clk 0:08:58]} 28. R1d2 {[%clk 0:42:51]} Kf8
{[%clk 0:07:08]} 29. g4 {[%clk 0:42:31]} Kg7 {[%clk 0:06:18]} 30. Kd4
{[%clk 0:42:20]} Kf8 {[%clk 0:04:37]} 31. h4 {[%clk 0:40:00]} Re7
{[%clk 0:03:23]} 32. h5 {[%clk 0:38:29]} Rd7 {[%clk 0:02:35]} 33. f5
{[%clk 0:32:55]} gxf5 {[%clk 0:02:07]} 34. gxf5 {[%clk 0:32:49]} exf5
{[%clk 0:01:41]} 35. exf5 {[%clk 0:33:09]} Rcd8 {[%clk 0:01:34]} 36. Kc5
{[%clk 0:32:48]} Rxd6 {[%clk 0:00:56]} 37. Rxd6 {[%clk 0:32:22]} Re8
{[%clk 0:00:33]} 38. Kd4 {[%clk 0:32:34]} Re7 {[%clk 0:00:36]} 39. Rd8+
{[%clk 0:31:55]} Re8 {[%clk 0:00:49]} 40. Rxe8+ {[%clk 0:47:10]} Kxe8
{[%clk 0:16:05]} 41. Nd5 {[%clk 0:46:55]} Kf8 {[%clk 0:13:42]} 42. h6
{[%clk 0:46:43]} Bd7 {[%clk 0:13:32]} 43. Ke4 {[%clk 0:47:05]} Bc6
{[%clk 0:13:33]} 44. e6 {[%clk 0:47:27]} fxe6 {[%clk 0:13:55]} 45. fxe6
{[%clk 0:47:49]} Be8 {[%clk 0:12:04]} 46. Ke5 {[%clk 0:48:14]} Bg6
{[%clk 0:08:13]} 47. Kf6 {[%clk 0:47:58]} Bh5 {[%clk 0:07:43]} 48. Nc7
{[%clk 0:48:12]} 1-0

[Event "Omladinci CS 2017"]
[Site "Kraljevo"]
[Date "2017.02.10"]
[Round "1.4"]
[White "Rakic, Nikola"]
[Black "Stanojevic, Ilija"]
[Result "0-1"]
[BlackElo "2143"]
[WhiteElo "1603"]
[LiveChessVersion "1.4.7"]

1. e4 {[%clk 1:15:56]} e6 {[%clk 1:15:37]} 2. d4 {[%clk 1:15:58]} d5
{[%clk 1:15:46]} 3. exd5 {[%clk 1:15:15]} exd5 {[%clk 1:15:53]} 4. Nf3
{[%clk 1:14:58]} Nf6 {[%clk 1:16:18]} 5. Nc3 {[%clk 1:13:22]} Bd6
{[%clk 1:16:31]} 6. Bg5 {[%clk 1:09:54]} c6 {[%clk 1:15:59]} 7. Bd3
{[%clk 1:02:50]} O-O {[%clk 1:15:56]} 8. O-O {[%clk 0:58:10]} Bg4
{[%clk 1:15:20]} 9. h3 {[%clk 0:53:21]} Bh5 {[%clk 1:15:38]} 10. Re1
{[%clk 0:51:29]} Nbd7 {[%clk 1:15:03]} 11. Re3 {[%clk 0:35:37]} Qc7
{[%clk 1:14:18]} 12. Bf5 {[%clk 0:25:05]} h6 {[%clk 1:07:45]} 13. Bxf6
{[%clk 0:22:55]} Nxf6 {[%clk 1:07:49]} 14. g4 {[%clk 0:18:44]} Bg6
{[%clk 1:08:00]} 15. Qd3 {[%clk 0:17:21]} Bxf5 {[%clk 1:06:57]} 16. Qxf5
{[%clk 0:17:36]} Nh7 {[%clk 1:00:38]} 17. Nh4 {[%clk 0:12:12]} g6
{[%clk 0:59:44]} 18. Qd3 {[%clk 0:12:26]} Kg7 {[%clk 0:59:28]} 19. Rae1
{[%clk 0:08:07]} b5 {[%clk 0:51:57]} 20. Kg2 {[%clk 0:04:54]} b4 {[%clk 0:48:31]}
21. Na4 {[%clk 0:03:43]} Ng5 {[%clk 0:45:26]} 22. Nc5 {[%clk 0:03:01]} Bxc5
{[%clk 0:42:57]} 23. dxc5 {[%clk 0:03:21]} Ne4 {[%clk 0:42:54]} 24. Qd4+
{[%clk 0:02:27]} Kh7 {[%clk 0:43:11]} 25. Qxb4 {[%clk 0:01:22]} Qf4
{[%clk 0:40:25]} 26. R1e2 {[%clk 0:00:56]} h5 {[%clk 0:40:01]} 27. Rxe4
{[%clk 0:00:38]} dxe4 {[%clk 0:40:12]} 28. Qxe4 {[%clk 0:00:42]} Qg5
{[%clk 0:37:39]} 29. Nf3 {[%clk 0:01:04]} Qxc5 {[%clk 0:37:24]} 30. gxh5
{[%clk 0:00:53]} Qxh5 {[%clk 0:37:46]} 31. Qxc6 {[%clk 0:01:01]} Rac8
{[%clk 0:36:32]} 32. Qf6 {[%clk 0:00:44]} Rc5 {[%clk 0:34:11]} 33. Qe7
{[%clk 0:00:45]} Rf5 {[%clk 0:30:47]} 34. Nh4 {[%clk 0:00:32]} Rg5+
{[%clk 0:30:58]} 35. Kf1 {[%clk 0:00:44]} Qxh4 {[%clk 0:18:46]} 36. Qxf8
{[%clk 0:00:56]} Qxh3+ {[%clk 0:19:11]} 37. Ke1 {[%clk 0:01:21]} Qh1+
{[%clk 0:19:30]} 38. Kd2 {[%clk 0:01:42]} Qd5+ {[%clk 0:19:57]} 39. Kc3
{[%clk 0:01:53]} Rg4 {[%clk 0:20:13]} 40. Qb4 {[%clk 0:15:37]} Qc6+
{[%clk 0:34:48]} 41. Kb3 {[%clk 0:15:58]} Rxb4+ {[%clk 0:35:13]} 42. Kxb4
{[%clk 0:16:20]} a5+ {[%clk 0:35:37]} 0-1

[Event "Omladinci CS 2017"]
[Site "Kraljevo"]
[Date "2017.02.10"]
[Round "1.5"]
[White "Marjanovic, Ivan D"]
[Black "Arsic, Stefan"]
[Result "1-0"]
[BlackElo "1599"]
[WhiteElo "2002"]
[LiveChessVersion "1.4.7"]

1. e4 {[%clk 1:15:56]} e6 {[%clk 1:15:50]} 2. d4 {[%clk 1:16:21]} d5
{[%clk 1:16:10]} 3. exd5 {[%clk 1:16:31]} exd5 {[%clk 1:16:26]} 4. Bd3
{[%clk 1:16:55]} Bd6 {[%clk 1:16:46]} 5. Ne2 {[%clk 1:17:16]} Ne7
{[%clk 1:16:31]} 6. Bf4 {[%clk 1:17:34]} Bf5 {[%clk 1:14:05]} 7. O-O
{[%clk 1:16:55]} Bxd3 {[%clk 1:10:44]} 8. Qxd3 {[%clk 1:17:18]} O-O
{[%clk 1:08:33]} 9. c3 {[%clk 1:17:22]} c6 {[%clk 1:07:45]} 10. Nd2
{[%clk 1:16:39]} Ng6 {[%clk 0:55:32]} 11. Bg3 {[%clk 1:15:10]} Bxg3
{[%clk 0:51:37]} 12. Nxg3 {[%clk 1:15:32]} Nd7 {[%clk 0:51:50]} 13. Rfe1
{[%clk 1:15:10]} Qc7 {[%clk 0:49:15]} 14. Nf3 {[%clk 1:14:36]} Rfe8
{[%clk 0:37:32]} 15. Nh5 {[%clk 1:10:44]} Nf4 {[%clk 0:34:26]} 16. Qf5
{[%clk 1:06:45]} Nxh5 {[%clk 0:32:48]} 17. Qxh5 {[%clk 1:07:07]} Nf6
{[%clk 0:32:19]} 18. Qf5 {[%clk 1:07:24]} Qd7 {[%clk 0:30:40]} 19. Qf4
{[%clk 1:07:32]} Qg4 {[%clk 0:22:20]} 20. Qc7 {[%clk 1:05:14]} Qd7
{[%clk 0:22:25]} 21. Qxd7 {[%clk 1:05:04]} Nxd7 {[%clk 0:22:43]} 22. Rxe8+
{[%clk 1:04:34]} Rxe8 {[%clk 0:23:03]} 23. Re1 {[%clk 1:04:47]} Kf8
{[%clk 0:21:38]} 24. Kf1 {[%clk 1:04:05]} Rxe1+ {[%clk 0:19:14]} 25. Nxe1
{[%clk 1:04:22]} Ke7 {[%clk 0:19:02]} 26. Ke2 {[%clk 1:04:44]} Nb6
{[%clk 0:16:03]} 27. Nd3 {[%clk 1:04:40]} Nc4 {[%clk 0:12:45]} 28. f3
{[%clk 1:02:48]} f6 {[%clk 0:12:35]} 29. b3 {[%clk 1:02:52]} Nd6 {[%clk 0:12:41]}
30. Nc5 {[%clk 1:02:36]} Nb5 {[%clk 0:09:45]} 31. Kd2 {[%clk 1:02:05]} b6
{[%clk 0:07:41]} 32. Na6 {[%clk 1:02:10]} Kd7 {[%clk 0:06:08]} 33. Nb4
{[%clk 1:01:04]} Kd6 {[%clk 0:05:09]} 34. Nc2 {[%clk 1:01:00]} Nc7
{[%clk 0:05:16]} 35. Ne3 {[%clk 1:01:08]} g6 {[%clk 0:04:03]} 36. Ng4
{[%clk 1:01:20]} Ke7 {[%clk 0:03:24]} 37. Kd3 {[%clk 1:00:16]} Ne6
{[%clk 0:03:10]} 38. Ke3 {[%clk 1:00:32]} h5 {[%clk 0:01:16]} 39. Nf2
{[%clk 1:00:53]} c5 {[%clk 0:01:18]} 40. dxc5 {[%clk 1:02:37]} bxc5
{[%clk 0:16:21]} 41. b4 {[%clk 1:02:44]} d4+ {[%clk 0:15:43]} 42. cxd4
{[%clk 1:03:01]} cxd4+ {[%clk 0:13:15]} 43. Ke4 {[%clk 0:59:09]} Kd6
{[%clk 0:12:53]} 44. Nh3 {[%clk 0:55:19]} f5+ {[%clk 0:10:58]} 45. Kd3
{[%clk 0:55:40]} Kd5 {[%clk 0:11:06]} 46. g3 {[%clk 0:54:46]} g5 {[%clk 0:08:47]}
47. f4 {[%clk 0:54:51]} g4 {[%clk 0:07:16]} 48. Ng1 {[%clk 0:54:22]} Nd8
{[%clk 0:05:51]} 49. Ne2 {[%clk 0:54:36]} Nc6 {[%clk 0:05:34]} 50. a3
{[%clk 0:54:46]} a6 {[%clk 0:05:51]} 51. Nc1 {[%clk 0:54:44]} a5 {[%clk 0:01:40]}
52. b5 {[%clk 0:53:56]} Na7 {[%clk 0:01:06]} 53. a4 {[%clk 0:52:13]} Kc5
{[%clk 0:00:41]} 54. Nb3+ {[%clk 0:52:21]} Kb4 {[%clk 0:00:46]} 55. Nxd4
{[%clk 0:52:44]} 1-0

[Event "Omladinci CS 2017"]
[Site "Kraljevo"]
[Date "2017.02.10"]
[Round "1.6"]
[White "Nikolic, Masa"]
[Black "Bojicic, Andjela"]
[Result "0-1"]
[BlackElo "2171"]
[WhiteElo "1589"]
[LiveChessVersion "1.4.7"]

1. d4 {[%clk 1:15:56]} Nf6 2. Nf3 g6 {[%clk 1:16:21]} 3. Bf4 {[%clk 1:16:41]} Bg7
{[%clk 1:16:44]} 4. e3 {[%clk 1:16:52]} O-O {[%clk 1:17:01]} 5. c3
{[%clk 1:17:14]} d6 {[%clk 1:15:37]} 6. Nbd2 {[%clk 1:17:24]} c5 {[%clk 1:15:04]}
7. Be2 {[%clk 1:17:15]} Nc6 {[%clk 1:13:13]} 8. h3 {[%clk 1:17:28]} Bf5
{[%clk 1:13:09]} 9. O-O {[%clk 1:16:37]} Re8 {[%clk 1:09:13]} 10. Bb5
{[%clk 1:08:16]} Bd7 {[%clk 1:05:11]} 11. Nc4 {[%clk 0:52:19]} cxd4
{[%clk 1:02:06]} 12. exd4 {[%clk 0:52:23]} a6 {[%clk 0:58:37]} 13. Bxc6
{[%clk 0:51:05]} Bxc6 {[%clk 0:58:49]} 14. a4 {[%clk 0:50:18]} b5
{[%clk 0:53:53]} 15. axb5 {[%clk 0:50:37]} Bxb5 {[%clk 0:53:41]} 16. b3
{[%clk 0:49:18]} d5 {[%clk 0:53:36]} 17. Nfd2 {[%clk 0:44:12]} dxc4
{[%clk 0:50:36]} 18. bxc4 {[%clk 0:44:38]} Bd7 {[%clk 0:49:24]} 19. Re1
{[%clk 0:42:38]} Bf5 {[%clk 0:43:35]} 20. Qf3 {[%clk 0:41:20]} a5
{[%clk 0:42:33]} 21. c5 {[%clk 0:36:58]} Qd5 {[%clk 0:39:52]} 22. Qe3
{[%clk 0:33:22]} Qb7 {[%clk 0:34:15]} 23. c4 {[%clk 0:26:09]} Nh5
{[%clk 0:30:32]} 24. Bh2 {[%clk 0:24:00]} Rad8 {[%clk 0:27:23]} 25. Nf3
{[%clk 0:13:29]} Nf6 {[%clk 0:26:34]} 26. Ne5 {[%clk 0:09:07]} e6
{[%clk 0:21:16]} 27. Rxa5 {[%clk 0:08:14]} Be4 {[%clk 0:21:06]} 28. f3
{[%clk 0:06:08]} Bc6 {[%clk 0:21:31]} 29. Nxc6 {[%clk 0:05:11]} Qxc6
{[%clk 0:21:54]} 30. Rb1 {[%clk 0:04:45]} Ng4 {[%clk 0:19:28]} 31. Qa3
{[%clk 0:01:29]} Bxd4+ {[%clk 0:19:39]} 32. Kh1 {[%clk 0:01:07]} Nf2+
{[%clk 0:17:41]} 33. Kg1 {[%clk 0:01:27]} Nd3+ {[%clk 0:17:09]} 0-1

[Event "Omladinci CS 2017"]
[Site "Kraljevo"]
[Date "2017.02.10"]
[Round "2.1"]
[White "Djokic, Mihailo"]
[Black "Radovic, Janko"]
[Result "0-1"]
[BlackElo "2294"]
[WhiteElo "1872"]
[LiveChessVersion "1.4.7"]

1. e4 {[%clk 1:15:58]} Nf6 {[%clk 1:15:55]} 2. e5 {[%clk 1:15:47]} Nd5
{[%clk 1:16:22]} 3. c4 {[%clk 1:15:58]} Nb6 {[%clk 1:16:50]} 4. d4
{[%clk 1:16:16]} d6 {[%clk 1:17:17]} 5. exd6 {[%clk 1:16:20]} exd6
{[%clk 1:17:43]} 6. Nc3 {[%clk 1:12:23]} Be7 {[%clk 1:17:59]} 7. h3
{[%clk 1:07:47]} Nc6 {[%clk 1:11:00]} 8. b3 {[%clk 1:02:38]} O-O {[%clk 1:08:13]}
9. Nf3 {[%clk 1:01:59]} Re8 {[%clk 1:05:17]} 10. Be2 {[%clk 0:58:17]} Bf5
{[%clk 1:04:30]} 11. O-O {[%clk 0:57:50]} Bf6 {[%clk 1:03:35]} 12. Be3
{[%clk 0:52:14]} Bg6 {[%clk 0:58:29]} 13. Rc1 {[%clk 0:41:21]} Ne7
{[%clk 0:48:27]} 14. Bg5 {[%clk 0:39:22]} Bxg5 {[%clk 0:41:58]} 15. Nxg5
{[%clk 0:39:36]} d5 {[%clk 0:36:57]} 16. c5 {[%clk 0:32:40]} Nd7 {[%clk 0:37:20]}
17. Nf3 {[%clk 0:31:55]} c6 {[%clk 0:36:19]} 18. Nh4 {[%clk 0:29:23]} Nf5
{[%clk 0:31:55]} 19. Nxf5 {[%clk 0:29:39]} Bxf5 {[%clk 0:32:22]} 20. Bd3
{[%clk 0:26:55]} Qg5 {[%clk 0:31:41]} 21. Bxf5 {[%clk 0:24:15]} Qxf5
{[%clk 0:32:00]} 22. Qg4 {[%clk 0:24:10]} Qxg4 {[%clk 0:31:39]} 23. hxg4
{[%clk 0:24:39]} Nf8 {[%clk 0:29:46]} 24. Rfe1 {[%clk 0:24:09]} Ne6
{[%clk 0:29:48]} 25. Rcd1 {[%clk 0:24:19]} f6 {[%clk 0:28:06]} 26. g3
{[%clk 0:22:11]} Ng5 {[%clk 0:23:46]} 27. Kg2 {[%clk 0:21:35]} Rad8
{[%clk 0:22:10]} 28. f3 {[%clk 0:21:36]} Kf7 {[%clk 0:22:34]} 29. Rb1
{[%clk 0:14:59]} Re6 {[%clk 0:19:23]} 30. Rxe6 {[%clk 0:14:58]} Nxe6
{[%clk 0:19:52]} 31. Ne2 {[%clk 0:14:50]} Re8 {[%clk 0:19:48]} 32. Kf2
{[%clk 0:14:52]} Ng5 {[%clk 0:19:00]} 33. Ng1 {[%clk 0:13:57]} Ke7
{[%clk 0:17:44]} 34. Re1+ {[%clk 0:14:18]} Kd7 {[%clk 0:15:18]} 35. Rxe8
{[%clk 0:14:01]} Kxe8 {[%clk 0:15:47]} 36. Ke3 {[%clk 0:14:05]} Kd7
{[%clk 0:14:57]} 37. b4 {[%clk 0:13:42]} Kc7 {[%clk 0:13:47]} 38. Ne2
{[%clk 0:14:00]} b6 {[%clk 0:11:23]} 39. Nc3 {[%clk 0:12:43]} a5 {[%clk 0:10:45]}
40. bxa5 {[%clk 0:25:07]} bxc5 {[%clk 0:19:19]} 41. dxc5 {[%clk 0:20:22]} Ne6
{[%clk 0:19:23]} 42. Ne2 {[%clk 0:20:08]} Nxc5 {[%clk 0:19:27]} 43. Nf4
{[%clk 0:20:10]} g6 {[%clk 0:18:32]} 44. Kd4 {[%clk 0:20:25]} Kd6
{[%clk 0:18:56]} 45. Ne2 {[%clk 0:14:10]} Ne6+ {[%clk 0:17:45]} 46. Kc3
{[%clk 0:13:53]} c5 {[%clk 0:16:12]} 47. f4 {[%clk 0:14:11]} f5 {[%clk 0:14:00]}
48. gxf5 {[%clk 0:12:34]} gxf5 {[%clk 0:14:29]} 49. a4 {[%clk 0:12:12]} Kc6
{[%clk 0:14:16]} 50. Kd3 {[%clk 0:10:45]} h5 {[%clk 0:14:26]} 51. Kc3
{[%clk 0:11:03]} Kb7 {[%clk 0:13:50]} 52. Nc1 {[%clk 0:10:44]} Ka6
{[%clk 0:12:41]} 53. Nb3 {[%clk 0:09:46]} c4 {[%clk 0:12:37]} 54. Nd2
{[%clk 0:10:07]} Kxa5 {[%clk 0:12:22]} 55. Nxc4+ {[%clk 0:10:27]} dxc4
{[%clk 0:12:49]} 56. Kxc4 {[%clk 0:10:54]} Nxf4 {[%clk 0:12:44]} 57. Kd4 0-1

[Event "Omladinci CS 2017"]
[Site "Kraljevo"]
[Date "2017.02.10"]
[Round "2.2"]
[White "Ivic, Matija"]
[Black "Trifunovic, Novica"]
[Result "1-0"]
[BlackElo "1855"]
[WhiteElo "2271"]
[LiveChessVersion "1.4.7"]

1. d4 {[%clk 1:15:58]} d5 {[%clk 1:15:37]} 2. c4 {[%clk 1:16:22]} Nf6
{[%clk 1:15:58]} 3. cxd5 {[%clk 1:16:45]} Nxd5 {[%clk 1:15:16]} 4. e4
{[%clk 1:16:56]} Nf6 {[%clk 1:14:40]} 5. Nc3 {[%clk 1:17:16]} e6 {[%clk 1:14:41]}
6. Nf3 {[%clk 1:16:55]} Be7 {[%clk 1:14:12]} 7. Bd3 {[%clk 1:17:15]} O-O
{[%clk 1:14:06]} 8. e5 {[%clk 1:16:18]} Nd5 {[%clk 1:11:19]} 9. h4
{[%clk 1:16:21]} b6 {[%clk 1:08:26]} 10. Bxh7+ {[%clk 1:16:27]} Kxh7
{[%clk 1:03:01]} 11. Ng5+ {[%clk 1:16:52]} Bxg5 {[%clk 1:03:16]} 12. hxg5+
{[%clk 1:17:19]} Kg8 {[%clk 1:02:41]} 13. Qh5 {[%clk 1:17:46]} f6 14. g6 1-0

[Event "Omladinci CS 2017"]
[Site "Kraljevo"]
[Date "2017.02.10"]
[Round "2.3"]
[White "Gajic, Aleksandar"]
[Black "Radovic, Luka"]
[Result "0-1"]
[BlackElo "2254"]
[WhiteElo "1836"]
[LiveChessVersion "1.4.7"]

1. c4 {[%clk 1:15:56]} g6 {[%clk 1:14:21]} 2. Nc3 {[%clk 1:16:04]} Bg7
{[%clk 1:14:29]} 3. e4 {[%clk 1:15:28]} c5 {[%clk 1:13:03]} 4. d3
{[%clk 1:14:45]} Nc6 {[%clk 1:12:48]} 5. Nge2 {[%clk 1:13:50]} a6
{[%clk 1:06:54]} 6. g3 {[%clk 1:09:27]} Rb8 {[%clk 1:05:48]} 7. a4
{[%clk 1:07:03]} d6 {[%clk 1:01:38]} 8. Bg2 {[%clk 1:05:17]} Nf6 {[%clk 1:01:00]}
9. O-O {[%clk 1:05:03]} O-O {[%clk 1:01:22]} 10. h3 {[%clk 1:04:59]} Nd7
{[%clk 0:56:08]} 11. f4 {[%clk 1:03:09]} Nd4 {[%clk 0:56:15]} 12. Kh2
{[%clk 1:01:54]} e6 {[%clk 0:55:16]} 13. Rb1 {[%clk 0:57:41]} b6 {[%clk 0:50:45]}
14. Nxd4 {[%clk 0:54:03]} cxd4 {[%clk 0:51:09]} 15. Ne2 {[%clk 0:54:11]} Bb7
{[%clk 0:51:02]} 16. b4 {[%clk 0:54:01]} f5 {[%clk 0:49:20]} 17. Bb2
{[%clk 0:44:17]} e5 {[%clk 0:48:16]} 18. Bf3 {[%clk 0:36:35]} Qe7
{[%clk 0:43:01]} 19. Qc2 {[%clk 0:33:04]} Rbe8 {[%clk 0:33:20]} 20. Rbe1
{[%clk 0:31:00]} a5 {[%clk 0:31:38]} 21. bxa5 {[%clk 0:29:04]} fxe4
{[%clk 0:31:12]} 22. dxe4 {[%clk 0:27:44]} Nc5 {[%clk 0:31:05]} 23. Qd2
{[%clk 0:24:42]} Bxe4 {[%clk 0:27:32]} 24. axb6 {[%clk 0:19:25]} Bxf3
{[%clk 0:27:41]} 25. Rxf3 {[%clk 0:19:54]} Qb7 {[%clk 0:27:12]} 26. Rff1
{[%clk 0:18:19]} Qxb6 {[%clk 0:26:08]} 27. fxe5 {[%clk 0:16:19]} dxe5
{[%clk 0:25:43]} 28. Rxf8+ {[%clk 0:15:42]} Rxf8 {[%clk 0:25:37]} 29. Nxd4
{[%clk 0:14:08]} exd4 {[%clk 0:21:47]} 30. Re7 {[%clk 0:09:19]} Nd3
{[%clk 0:21:22]} 0-1

[Event "Omladinci CS 2017"]
[Site "Kraljevo"]
[Date "2017.02.10"]
[Round "2.4"]
[White "Stanojevic, Ilija"]
[Black "Djordjic, Djordje"]
[Result "1-0"]
[BlackElo "1785"]
[WhiteElo "2143"]
[LiveChessVersion "1.4.7"]

1. c4 {[%clk 1:15:47]} Nf6 {[%clk 1:15:30]} 2. Nc3 {[%clk 1:16:10]} e6
{[%clk 1:15:37]} 3. e4 {[%clk 1:16:35]} d5 {[%clk 1:08:25]} 4. cxd5
{[%clk 1:17:01]} exd5 {[%clk 1:08:38]} 5. e5 {[%clk 1:17:27]} Nfd7
{[%clk 1:05:56]} 6. d4 {[%clk 1:17:50]} c6 {[%clk 1:01:43]} 7. Nf3
{[%clk 1:18:15]} Be7 {[%clk 0:59:11]} 8. Bd3 {[%clk 1:18:33]} O-O
{[%clk 0:53:09]} 9. h4 {[%clk 1:17:40]} f5 {[%clk 0:48:33]} 10. e6
{[%clk 1:10:57]} Nb6 {[%clk 0:47:37]} 11. Ng5 {[%clk 1:08:42]} Qe8
{[%clk 0:37:30]} 12. Qf3 {[%clk 0:57:52]} Bxg5 {[%clk 0:33:45]} 13. Bxg5
{[%clk 0:57:42]} Qxe6+ {[%clk 0:32:56]} 14. Kf1 {[%clk 0:57:51]} Re8
{[%clk 0:25:40]} 15. Ne2 {[%clk 0:44:47]} Bd7 {[%clk 0:18:02]} 16. Nf4
{[%clk 0:43:57]} Qf7 {[%clk 0:17:42]} 17. Rh3 {[%clk 0:19:31]} Nc8
{[%clk 0:15:34]} 18. Rg3 {[%clk 0:15:36]} Kh8 {[%clk 0:12:21]} 19. Nh5
{[%clk 0:10:36]} Nd6 {[%clk 0:10:50]} 20. Bf4 {[%clk 0:09:46]} g6
{[%clk 0:07:51]} 21. Be5+ {[%clk 0:07:57]} Rxe5 {[%clk 0:07:58]} 22. dxe5
{[%clk 0:08:23]} Ne4 {[%clk 0:08:10]} 23. Bxe4 {[%clk 0:08:30]} dxe4
{[%clk 0:08:21]} 24. Qc3 {[%clk 0:08:54]} Be6 {[%clk 0:06:28]} 25. Rd1
{[%clk 0:08:38]} Nd7 {[%clk 0:05:45]} 26. Nf4 {[%clk 0:08:27]} Nb6
{[%clk 0:05:23]} 27. Rd6 {[%clk 0:08:24]} Re8 {[%clk 0:05:15]} 28. h5
{[%clk 0:08:28]} Nd5 {[%clk 0:03:34]} 29. Nxd5 {[%clk 0:08:42]} cxd5
{[%clk 0:03:49]} 30. hxg6 {[%clk 0:09:06]} hxg6 {[%clk 0:03:55]} 31. Qd4
{[%clk 0:08:57]} Qc7 {[%clk 0:03:23]} 32. Rc3 {[%clk 0:08:49]} Qa5
{[%clk 0:03:03]} 33. Qd2 {[%clk 0:08:37]} 1-0

[Event "Omladinci CS 2017"]
[Site "Kraljevo"]
[Date "2017.02.10"]
[Round "2.5"]
[White "Bojovic, Marko"]
[Black "Marjanovic, Ivan D"]
[Result "0-1"]
[BlackElo "2002"]
[WhiteElo "1731"]
[LiveChessVersion "1.4.7"]

1. d4 {[%clk 1:15:59]} d5 {[%clk 1:15:54]} 2. Nf3 {[%clk 1:16:23]} Bf5
{[%clk 1:16:17]} 3. Bf4 {[%clk 1:16:29]} c6 {[%clk 1:16:35]} 4. e3
{[%clk 1:16:48]} Nf6 {[%clk 1:15:51]} 5. Bd3 {[%clk 1:14:51]} Bxd3
{[%clk 1:15:07]} 6. Qxd3 {[%clk 1:15:03]} e6 {[%clk 1:15:13]} 7. Nbd2
{[%clk 1:11:56]} Qb6 {[%clk 1:13:57]} 8. O-O {[%clk 1:09:37]} c5 {[%clk 1:10:14]}
9. b3 {[%clk 0:57:03]} Nc6 {[%clk 1:08:39]} 10. c3 {[%clk 0:49:17]} Nh5
{[%clk 1:08:03]} 11. Bg3 {[%clk 0:49:11]} cxd4 {[%clk 1:07:59]} 12. exd4
{[%clk 0:48:51]} Nxg3 {[%clk 1:07:50]} 13. fxg3 {[%clk 0:49:12]} Be7
{[%clk 1:06:11]} 14. Kh1 {[%clk 0:47:33]} Rc8 {[%clk 1:04:48]} 15. Rae1
{[%clk 0:37:15]} a6 {[%clk 1:01:47]} 16. Qe3 {[%clk 0:34:22]} Bf6
{[%clk 0:54:05]} 17. g4 {[%clk 0:20:37]} h6 {[%clk 0:46:09]} 18. Rf2
{[%clk 0:21:01]} g6 {[%clk 0:40:13]} 19. Qf4 {[%clk 0:19:28]} Bg7
{[%clk 0:34:17]} 20. Ng5 Nd8 {[%clk 0:31:27]} 21. Nxf7 {[%clk 0:14:08]} O-O
{[%clk 0:31:00]} 22. Nxh6+ {[%clk 0:05:24]} Bxh6 {[%clk 0:31:19]} 23. Qxh6
{[%clk 0:05:41]} Rxf2 {[%clk 0:31:41]} 24. Qxg6+ {[%clk 0:05:35]} Kf8
{[%clk 0:32:00]} 25. h4 {[%clk 0:05:02]} Qc7 {[%clk 0:31:24]} 26. Nf3
{[%clk 0:03:06]} Qg3 {[%clk 0:31:31]} 27. Qf6+ {[%clk 0:02:46]} Nf7
{[%clk 0:31:40]} 28. Rg1 {[%clk 0:02:36]} Rxc3 0-1

[Event "Omladinci CS 2017"]
[Site "Kraljevo"]
[Date "2017.02.10"]
[Round "2.6"]
[White "Bojicic, Andjela"]
[Black "Petrovic, Tijana"]
[Result "1-0"]
[BlackElo "1774"]
[WhiteElo "2171"]
[LiveChessVersion "1.4.7"]

1. d4 {[%clk 1:15:56]} Nf6 {[%clk 1:15:47]} 2. c4 {[%clk 1:16:21]} e6
{[%clk 1:16:03]} 3. Nc3 {[%clk 1:16:47]} Bb4 {[%clk 1:16:26]} 4. e3
{[%clk 1:17:04]} b6 {[%clk 1:16:28]} 5. Nge2 {[%clk 1:17:19]} O-O
{[%clk 1:15:52]} 6. Nf4 {[%clk 1:13:54]} Bb7 {[%clk 1:14:24]} 7. Bd3
{[%clk 1:14:04]} d5 {[%clk 1:12:25]} 8. O-O {[%clk 1:10:26]} Nbd7
{[%clk 1:08:54]} 9. Qe2 {[%clk 1:05:00]} c5 {[%clk 0:51:24]} 10. Rd1
{[%clk 0:56:06]} Qe7 {[%clk 0:44:15]} 11. a3 {[%clk 0:53:19]} Bxc3
{[%clk 0:44:19]} 12. bxc3 {[%clk 0:53:43]} Rac8 {[%clk 0:36:10]} 13. a4
{[%clk 0:50:57]} e5 {[%clk 0:28:40]} 14. Nxd5 {[%clk 0:44:00]} Nxd5
{[%clk 0:27:46]} 15. cxd5 {[%clk 0:43:50]} e4 {[%clk 0:25:04]} 16. Bc4
{[%clk 0:38:20]} Nf6 {[%clk 0:23:52]} 17. Qa2 {[%clk 0:29:47]} Rfd8
{[%clk 0:23:28]} 18. Ba3 {[%clk 0:25:04]} Bxd5 {[%clk 0:18:45]} 19. Bxd5
{[%clk 0:19:25]} Nxd5 {[%clk 0:16:40]} 20. Qd2 {[%clk 0:13:05]} Rc6
{[%clk 0:14:48]} 21. a5 {[%clk 0:12:26]} Qg5 {[%clk 0:13:13]} 22. dxc5
{[%clk 0:07:43]} Rg6 {[%clk 0:13:26]} 23. g3 {[%clk 0:07:52]} Rh6
{[%clk 0:12:01]} 24. c4 {[%clk 0:03:31]} Qh5 {[%clk 0:12:19]} 25. f4
{[%clk 0:03:29]} exf3 {[%clk 0:12:22]} 26. Qf2 {[%clk 0:03:37]} 1-0